| 000 | 00700nam a2200241 a 4500 | ||
|---|---|---|---|
| 999 |
_c492 _d492 |
||
| 001 | 017339124 | ||
| 003 | UkOxU | ||
| 005 | 20190816142858.0 | ||
| 008 | 921203s2004 nyu 001 0 eng d | ||
| 020 | _a9781259863462 | ||
| 040 | _cKH8 | ||
| 082 | _a448.2 DE | ||
| 100 | 1 |
_aDe Roussy de Sales, R. _q(Richard) |
|
| 245 | 1 | 0 |
_aFrench verb drills / _cR. de Roussy de Sales. |
| 250 | _a5th ed. | ||
| 260 |
_aNew York, NY. : _bMcGraw-Hill, _c2017. |
||
| 300 |
_avii, 151 p. ; _c28 cm. |
||
| 504 | _aIncludes bibliographical references and index. | ||
| 650 | 0 |
_aFrench language _xVerb. |
|
| 650 | 0 |
_aFrench language _xComposition and exercises. |
|
| 942 |
_2ddc _cNFIC |
||